5HLuxD.jpg

KING HENRY VIII SENIOR AND PRIMARY SCHOOL LIBRARY OPAC

WITCHES (UN)WELCOME! (Record no. 4862)

000 -LEADER
fixed length control field 00349nam a22001217a 4500
008 - FIXED-LENGTH DATA ELEMENTS--GENERAL INFORMATION
fixed length control field 250325b ||||| |||| 00| 0 eng d
020 ## - INTERNATIONAL STANDARD BOOK NUMBER
International Standard Book Number 9781471175602
082 ## - DEWEY DECIMAL CLASSIFICATION NUMBER
Classification number 823.914 UMA
100 ## - MAIN ENTRY--PERSONAL NAME
Personal name UMANSKY,KAYE
Relator term AUTHOR
245 ## - TITLE STATEMENT
Title WITCHES (UN)WELCOME!
260 ## - PUBLICATION, DISTRIBUTION, ETC.
Place of publication, distribution, etc. 1ST FLOOR,222 GRAY'S INN ROAD,LONDON,WC1X 8HB
Name of publisher, distributor, etc. SIMON&SCHUSTER UK LTD
Date of publication, distribution, etc. 2019
942 ## - ADDED ENTRY ELEMENTS (KOHA)
Source of classification or shelving scheme
Holdings
Withdrawn status Lost status Source of classification or shelving scheme Damaged status Not for loan Collection code Permanent Location Current Location Shelving location Date acquired Total Checkouts Full call number Barcode Date last seen Date last checked out Price effective from Koha item type Public note
          Fiction KH8 Primary School Library KH8 Primary School Library Fiction 2025-03-25 1 FIC UMA KHPL000006707 2026-02-09 2025-04-22 2025-03-25 Books - Fiction KH8 PRIMARY LIBRARY

Powered By KH8 IT Dept